000 00591nam a2200217Ia 4500
003 OSt
005 20241023110433.0
008 240925s9999 xx 000 0 und d
020 _a29464676
040 _csd
082 _a005.73 ELL
100 _aEllzey ,Roy S.
245 0 _aData Structures For Computer Information Systems
250 _a2nd
260 _aNew York:
_bMacmillian Publishing Co
_c,1988.
300 _axxiv,422p.
_bNA
_fOriginal
500 _aIncludes Index
600 _aComputer Science
650 _aComputer science, information & general works
942 _cBK
_2ddc
999 _c6369
_d6369